| 000 | 00736cam a2200217 a 4500 | ||
|---|---|---|---|
| 001 | 000010260 | ||
| 005 | 20200929162218.0 | ||
| 008 | 930430s1988 sp 000 0 spa d | ||
| 020 | _a8476440367 | ||
| 040 |
_aDO-SdBNP _cWaU _dDLC |
||
| 082 |
_aA862.44 _bD594c |
||
| 100 | 1 |
_aDiosdado, Ana, _d1938- _925274 |
|
| 245 | 1 | 0 |
_aCuplé / _cAna Diosdado. |
| 260 |
_aMadrid : _bAntonio Machado, _c1988. |
||
| 300 |
_a111 p. ; _c17 cm. |
||
| 490 | 1 |
_aBiblioteca Antonio Machado de Teatro ; _v29. _aTeatral de Autores Españoles |
|
| 650 | 4 |
_aTeatro argentino _94843 |
|
| 650 | 4 |
_aLiteratura argentina _93860 |
|
| 830 | 0 |
_aBiblioteca Antonio Machado de Teatro ; _v29. _pTeatral de Autores Españoles _925275 |
|
| 910 | _aCatalogación por copia / LC | ||
| 999 |
_c10019 _d10019 |
||